| 000 | 00431nam a22001577a 4500 | ||
|---|---|---|---|
| 999 |
_c534945 _d534945 |
||
| 003 | NUST | ||
| 005 | 20200824092654.0 | ||
| 008 | 200824b ||||| |||| 00| 0 eng d | ||
| 038 | _aazhar | ||
| 082 |
_a158 _bTAH |
||
| 100 | _4Raja Tahir Asad | ||
| 245 |
_aKhawabon se haqeeqat tak kamyabi ka raz (Urdu) Raja Tahir Asad . _bRaja Tahir Asad |
||
| 260 |
_aRawalpindi _bServices Book Club _c2012 |
||
| 300 | _a169p | ||
| 942 |
_2ddc _cBK |
||